The big six : The selling out of America’s top accounting firms
The bestselling author of The Big Eight delivers a startling behind-the-scenes look at the scandals, power plays, and professional lapses at the nation's top accounting firms. Stevens offers evidence of declining ethics at Ernst & Young, Arthur Andersen, Deloitte & Touche, KPMG Peet Mar...
Сохранить в:
| Главный автор: | |
|---|---|
| Формат: | |
| Язык: | Undetermined |
| Опубликовано: |
New York
Simon & Schuster
1991
|
| Предметы: | |
| Метки: |
Добавить метку
Нет меток, Требуется 1-ая метка записи!
|
| Thư viện lưu trữ: | Trung tâm Học liệu Trường Đại học Cần Thơ |
|---|
| LEADER | 01003nam a2200229Ia 4500 | ||
|---|---|---|---|
| 001 | CTU_98737 | ||
| 008 | 210402s9999 xx 000 0 und d | ||
| 082 | |a 338.7 | ||
| 082 | |b S844/1991 | ||
| 100 | |a Stevens, Mark | ||
| 245 | 4 | |a The big six : | |
| 245 | 4 | |b The selling out of America’s top accounting firms | |
| 245 | 0 | |c Mark Stevens | |
| 260 | |a New York | ||
| 260 | |b Simon & Schuster | ||
| 260 | |c 1991 | ||
| 520 | |a The bestselling author of The Big Eight delivers a startling behind-the-scenes look at the scandals, power plays, and professional lapses at the nation's top accounting firms. Stevens offers evidence of declining ethics at Ernst & Young, Arthur Andersen, Deloitte & Touche, KPMG Peet Marwick, Coopers & Lybrand, and Price Waterhouse. Serial rights to Accounting Today. | ||
| 650 | |a Accounting firms,Big business | ||
| 650 | |x Corrupt practices | ||
| 650 | |z United states,United states | ||
| 904 | |i Tuyến | ||
| 980 | |a Trung tâm Học liệu Trường Đại học Cần Thơ | ||